000 00343 a2200169 4500
001 186768
020 _a85-262-2069-1
040 _cMagnum
100 _aGoulfier, Simone
240 1 0 _aOs nĂºmeros
_lpor
245 1 0 _aOs nĂºmeros
300 _a32
362 0 _a1993
440 1 _aScipione
697 _aLITERATURA INFANTIL
942 _cBK
999 _c186768
_d186768